| 000 | 00683nam a22001937a 4500 | ||
|---|---|---|---|
| 005 | 20180723152944.0 | ||
| 008 | 130724b2010 mx ||||| |||| 00| 0 spa d | ||
| 041 | _aspa | ||
| 044 | _amx | ||
| 082 |
_a660.6 _bS47d |
||
| 245 | _aDisposiciones jurídicas en materia de bioseguridad | ||
| 260 |
_aMéxico, D.F. _bSecretaria de Medio Ambiente y Recursos Naturales SEMARNAT _c2010 |
||
| 300 |
_a300 p. _c21 cm. |
||
| 650 |
_aBiotecnología _xLegislación _zMéxico. _9957 |
||
| 650 |
_aBioseguridad _xLegislación _zMéxico. _9958 |
||
| 650 |
_9959 _aOrganismos modificados genéticamente |
||
| 710 |
_aSecretaria de Medio Ambiente y Recursos Naturales SEMARNAT _9960 |
||
| 942 |
_2ddc _cIMPRESO |
||
| 999 |
_c7452 _d7452 |
||